Statistics for EU Cities over 500K Population

Click here to take the quiz!

General Stats

  • This quiz has been taken 262 times
  • The average score is 63 of 73

Answers on the Map

Answers color-coded by a green-red scale on the quiz's map according to % correct below.
 

Answer Stats

Pop (K)City% Correct
1,371Dublin
99%
6,006Madrid
99%
11,027Paris
99%
3,417Athens
98%
4,735Barcelona
98%
4,026Berlin
98%
2,719Lisbon
98%
4,994Milan
98%
3,207Rome
98%
2,041Brussels
97%
1,618Copenhagen
97%
3,303Naples
97%
1,351Porto
97%
1,843Vienna
97%
1,157Amsterdam
96%
2,429Budapest
96%
6,136Essen/Dusseldorf
96%
2,008Munich
96%
1,584Stockholm
96%
2,048Hamburg
95%
2,753Rotterdam/The Hague
95%
955Sofia
95%
1,965Warsaw
95%
1,880Bucharest
94%
1,200Helsinki
94%
1,400Marseille
94%
1,164Prague
94%
1,941Frankfurt
93%
616Zagreb
93%
1,028Antwerp
92%
935Nice
92%
1,091Seville
92%
837Bordeaux
91%
2,100Cologne/Bonn
91%
1,448Lyon
91%
737Palermo
91%
624Riga
91%
1,431Turin
91%
570Vilnius
91%
770Florence
90%
1,493Valencia
90%
651Krakow
89%
731Bilbao
88%
773Dresden
87%
531Genoa
86%
1,313Lille
86%
1,357Stuttgart
86%
982Toulouse
86%
856Gdansk
85%
622Gothenburg
85%
889Thessaloniki
85%
652Malaga
84%
552Leipzig
83%
562Bremen
82%
643Zaragoza
82%
583Nantes
80%
654Nuremberg
80%
686Hanover
78%
518Palma
78%
532Bologna
77%
812Lodz
76%
723Utrecht
74%
647Catania
72%
1,706Katowice/Gliwice/Tychy
69%
624Wroclaw
66%
537Mannheim
65%
542Aachen
64%
674Poznan
61%
533Grenoble
60%
508Bergamo
50%
626Las Palmas
50%
582Toulon
50%
511Douai/Lens
30%

Score Distribution

Percentile by Number Answered

Percent of People with Each Score

Your Score History

You have not taken this quiz